Normal view
MARC view
Entry Topical Term
001 - CONTROL NUMBER
- control field: 23352
003 - CONTROL NUMBER IDENTIFIER
- control field: ARRUPE
005 - DATE AND TIME OF LATEST TRANSACTION
- control field: 20160323124131.0
008 - FIXED-LENGTH DATA ELEMENTS
- fixed length control field: 160323|| aca||aabn | a|a d
040 ## - CATALOGING SOURCE
- Original cataloging agency: ARRUPE
- Transcribing agency: ARRUPE
150 ## - HEADING--TOPICAL TERM
- Topical term or geographic name as entry element: Botswana
- General subdivision: Dependency on foreign countries
670 ## - SOURCE DATA FOUND
- Source citation: Work cat.: (ARRUPE): Tsei, Balefi 23348, The Political economy of Botswana in SADCC, 1995